000 00681nam a2200241Ia 4500
003 OSt
005 20221006144047.0
006 a|||||r|||| 00| 0
007 ta
008 221006b |||||||| |||| 00| 0 eng d
020 _cP6.95
024 _a10,768
037 _cTextual
040 _aEASL
_cEASL
_beng
041 _2eng
_aeng
082 _aW691(MY).N75, L8
100 _aRIORDAN James Ed.
_9439629
245 0 _aSport under communism
_b The U.S.S.R., Czechoslovakia, the G.D.R., China, Cuba
260 _aLondon
_bC.Hurst
_c1978
300 _a178p.
_ccm.
942 _hW691(MY).N75, L8
_cTEXL
_2CC
999 _c1078854
_d1078854